000 00324 a2200157 4500
001 174328
020 _a
040 _cMagnum
100 _aJunqueira, Sonia
240 1 0 _aO coelho perdeu a unha
_lpor
245 1 0 _aO coelho perdeu a unha
362 0 _a1899
440 1 _aModerna
697 _aI/DIDATICO
942 _cBK
999 _c174328
_d174328